000 00752nam a2200241 i 4500
001 C2-0308397
003 PPAK
005 20180728095230.0
008 020101s2011 my |||| ||||| | eng d
020 _a9789838614788
040 _aPPAK
_beng
_cPPAK
_erda
082 0 4 _a809.3
_223
090 0 0 _a809.3
_bHAL
_dR
100 0 _aHalimah Mohamed Ali,
_eauthor
245 1 0 _aOrientalism from within :
_bArundhati Roy and her contemporaries
264 1 _aPulau Pinang :
_bUniversiti Sains Malaysia ,
_c2011
300 _avi, 152 pages ;
_c24 cm
336 _2rdacontent
_atext
337 _2rdamedia
_aunmediated
338 _2rdacarrier
_avolume
650 1 0 _aRoy, Arundhati - Criticism and interpretation. ; India - In literature.
942 _ddc
_cB
999 _c111008
_d111008